Labor unions and politics in Britain and France. (Record no. 90033)

MARC details
000 -LEADER
fixed length control field 00783cam a22002411 4500
001 - CONTROL NUMBER
control field sd 50000170
003 - CONTROL NUMBER IDENTIFIER
control field DLC
005 - DATE AND TIME OF LATEST TRANSACTION
control field 20260227112736.0
008 - FIXED-LENGTH DATA ELEMENTS--GENERAL INFORMATION
fixed length control field 941006s1950 nyu b 000 0 eng c
010 ## - LIBRARY OF CONGRESS CONTROL NUMBER
LC control number sd 50000170
035 ## - SYSTEM CONTROL NUMBER
System control number (OCoLC)31230539
040 ## - CATALOGING SOURCE
Original cataloging agency U.S. Dept. of State. Library
Transcribing agency IEN
Modifying agency DLC
050 00 - LIBRARY OF CONGRESS CALL NUMBER
Classification number D410
Item number .F65 vol. 26, no. 12
100 1# - MAIN ENTRY--PERSONAL NAME
Personal name Lens, Sidney.
245 10 - TITLE STATEMENT
Title Labor unions and politics in Britain and France.
260 ## - PUBLICATION, DISTRIBUTION, ETC.
Place of publication, distribution, etc. New York,
Name of publisher, distributor, etc. Foreign Policy Association,
Date of publication, distribution, etc. 1950.
300 ## - PHYSICAL DESCRIPTION
Extent [130]-139, [1] p.
Dimensions 27 cm.
440 #0 - SERIES STATEMENT/ADDED ENTRY--TITLE
Title Foreign policy reports,
Volume/sequential designation v. 26, no. 12
500 ## - GENERAL NOTE
General note "Contrasts between two postwar periods": p. [140]
504 ## - BIBLIOGRAPHY, ETC. NOTE
Bibliography, etc. note Bibliographical footnotes.
650 #0 - SUBJECT ADDED ENTRY--TOPICAL TERM
Topical term or geographic name entry element Labor unions
Geographic subdivision Great Britain.
650 #0 - SUBJECT ADDED ENTRY--TOPICAL TERM
Topical term or geographic name entry element Labor unions
Geographic subdivision France.

No items available.

Powered by Koha